000 00707cam a22002531 4500
001 29323
003 BD-RjUL
005 20211209051411.0
008 140403s1968 nyu 001 0 eng d
035 _a(BD-RjUL)29408
040 _aDLC
_cDLC
_dDLC
_dBD-RjUL
_beng
041 _aeng
082 0 0 _a616.89
_bREV 1968
245 1 0 _aReviews of research in behavior pathology /
_cDavid S. Holmes, editor.
260 _aNew York :
_bWiley,
_c1968.
300 _axii, 574 p. ;
_c23 cm.
490 0 _aSeries in psychology
504 _aIncludes Index
650 0 _aPsychology, Pathological.
_989456
700 1 _aHolmes, David S.
_989457
942 _2ddc
_cBK
999 _c29323
_d29323